Diego Rivera: 1886-1957. Un espíritu revolucionario en el arte moderno

Saved in:
Bibliografiske detaljer
Hovedforfatter: Kettenmann, Andrea (Author)
Format: Bog
Sprog:spansk
Udgivet: Colonia Taschen 2000
Fag:
Tags: Tilføj Tag
Ingen Tags, Vær først til at tagge denne postø!

MARC

LEADER 00000nam a2200000 a 4500
001 UCN4426
003 CL-VaPUC
008 010803e20000000GW |||||||||||||||||spa|d
082 0 4 |a 759.1  |b KET  |2 21 
100 |a Kettenmann, Andrea  |e author  |9 568528 
245 1 0 |a Diego Rivera: 1886-1957. Un espíritu revolucionario en el arte moderno 
300 |a 95 p 
942 |c BK 
945 |d 20010803 00:00:00  |a cmena 
260 |a Colonia  |b Taschen  |c 2000 
600 0 |a Rivera, Diego   |e autor   |9 352412 
650 0 |a Pintura mexicana   |9 341256 
650 7 |a PINTORES MEXICANOS - BIOGRAFIAS  |2 CL-VaPUC  |9 460823 
650 0 |a Arte moderno  |9 265333 
583 |a last modification  |c 20010803 00:00:00  |k Rodrigo Vera 
999 |c 296671  |d 296669 
952 |0 0  |1 0  |4 0  |6 759_100000000000000_KET_2000  |7 0  |8 A  |9 350683  |a BIBHIS  |b BIBHIS  |d 2019-11-20  |i 3740447  |o 759.1 KET 2000  |p 3740447  |r 2025-01-20  |w 2019-11-20  |y BK  |k HIS 
952 |0 0  |1 0  |4 0  |6 759_100000000000000_KET_2000  |7 0  |8 A  |9 350684  |a BIBART  |b BIBART  |d 2019-11-20  |i 3892905  |l 1  |o 759.1 KET 2000  |p 3892905  |r 2025-03-13  |s 2022-05-09  |w 2019-11-20  |y BK  |k ART